000 00308nam a22001337a 4500
008 170930b xxu||||| |||| 00| 0 eng d
020 _a9780761977308
041 _aeng
080 _a37
100 _a47
101 _aEDU
245 _aBEST PRACTICES FOR HIGH SCHOOL CLASSROOMS
_cSTONE, R
942 _2udc
_cBK
999 _c30962
_d30962